000 00276nam a2200109Ia 4500
008 190914s9999||||xx |||||||||||||| ||und||
100 _aIrtiza Hussain Gohar
245 0 _aGilad Kahani : Afaq Siddiqi Ki kahani
260 _aKarachi
_bAl-Anam
_c1995
300 _a208
942 _cBK
999 _c8796
_d8796